The authority and interpretation of the bible. (Record no. 1600)

000 -LEADER
fixed length control field 00522nam a2200169 a 4500
001 - CONTROL NUMBER
control field :::00017785$&:&@@
003 - CONTROL NUMBER IDENTIFIER
control field OkBaRHE
005 - DATE AND TIME OF LATEST TRANSACTION
control field 20100326170937.0
008 - FIXED-LENGTH DATA ELEMENTS--GENERAL INFORMATION
fixed length control field s1979 j 000 0 eng u
040 ## - CATALOGING SOURCE
Transcribing agency
100 1# - MAIN ENTRY--PERSONAL NAME
Personal name Rogers, Jack B.
245 14 - TITLE STATEMENT
Title The authority and interpretation of the bible.
260 ## - PUBLICATION, DISTRIBUTION, ETC. (IMPRINT)
Place of publication, distribution, etc San Francisco
Name of publisher, distributor, etc Harper & Row
Date of publication, distribution, etc 1979
700 ## - ADDED ENTRY--PERSONAL NAME
Personal name McKim, Donald K.
942 ## - ADDED ENTRY ELEMENTS (KOHA)
Source of classification or shelving scheme
Koha item type Books
Copies
Collection code Barcode Lost status Source of classification or shelving scheme Not for loan Date acquired Damaged status Full call number Permanent Location Current Location Date last seen Withdrawn status Price effective from Shelving location Copy number Koha item type
Reference17785   2010-04-14 BS 500 .R63 1979RHEMA Bible Training CollegeRHEMA Bible Training College2018-02-27 2010-04-14General Stacks1Books